| 000 | 01160cam a2200301 a 4500 | ||
|---|---|---|---|
| 001 | 12459611 | ||
| 003 | OSt | ||
| 005 | 20230607084103.0 | ||
| 008 | 010502s1999 wauab b 000 0 eng | ||
| 010 | _a 2001295108 | ||
| 020 | _a9291460605 | ||
| 035 | _a(DLC) 200129510 | ||
| 040 |
_aDLC _cDLC |
||
| 042 |
_alcode _apcc |
||
| 043 |
_afh----- _afe----- |
||
| 050 | 0 | 0 |
_aHD9017.A35532 _bT48 1999 |
| 100 | 1 | _aThrupp, Lori Ann. | |
| 245 | 1 | 0 |
_aCritical links : _bfood security and the environment in the Greater Horn of Africa / _cL.A. Thrupp with N. Megateli. |
| 260 |
_aWashington, DC, USA : _bWorld Resources Institute ; _aNairobi, Kenya : _bInternational Livestock Research Institute, _c1999. |
||
| 300 |
_ax, 99 p. : _bill., col. maps ; _c23 cm. |
||
| 504 | _aIncludes bibliographical references (p. 71-89). | ||
| 650 | 0 |
_aFood security _xEnvironmental aspects _zAfrica, Northeast. |
|
| 650 | 0 |
_aFood security _xEnvironmental aspects _zAfrica, East. |
|
| 700 | 1 |
_aMegateli, N. _q(Nabiha) |
|
| 906 |
_a7 _bcbc _corigode _d3 _encip _f20 _gy-gencatlg |
||
| 942 |
_2ddc _cBK |
||
| 999 |
_c763 _d763 |
||